| 000 | 00419nam a2200157 4500 | ||
|---|---|---|---|
| 001 | 140026 | ||
| 003 | ES-MaACL | ||
| 005 | 20230906195957.0 | ||
| 007 | t| | ||
| 008 | 070214s1931 fr r ||||1| fre d | ||
| 100 | 1 |
_aSchreiber, Emile. _9104691 |
|
| 245 | 1 | 0 |
_aComment on vit en U.R.S.S. / _cEmile Schreiber. |
| 260 |
_aParis : _bPlon et Nourrit, _c1931. |
||
| 300 |
_a232 p. ; _c19 cm. |
||
| 852 |
_aES-MaACL _jF-13957 |
||
| 999 |
_c140026 _d140026 |
||